MARC

LEADER 00000nam0a2200000 4500
001 75303
005 20231031090547.0
010 |a 5724503093 
035 |a (RuTPU)RU\TPU\book\80285 
090 |a 75303 
100 |a 20050322d1989 m y0rusy50 ca 
101 0 |a rus 
102 |a RU 
105 |a a z 001zy 
200 1 |a Поверхностно-активные вещества в народном хозяйстве  |f В. Г. Правдин, И. Т. Полковниченко, Б. Е. Чистяков, А. И. Дерновая 
210 |a Москва  |c Химия  |d 1989 
215 |a 46.  |c ил. 
225 1 |a Курсом ускорения научно-технического прогресса 
320 |a Библиогр.: с. 46-47. 
610 1 |a химическая технология 
610 1 |a ПАВ 
610 1 |a поверхностно-активные вещества 
610 1 |a применение 
675 |a 661.18  |v 3 
701 1 |a Правдин  |b В. Г.  |g Валерий Геннадьевич 
701 1 |a Полковниченко  |b И. Т.  |g Иван Тихонович 
701 1 |a Чистяков  |b Б. Е.  |g Борис Евдокимович 
701 1 |a Дерновая  |b А. И.  |g Александра Ильинична 
801 1 |a RU  |b 63413507  |c 20050322  |g PSBO 
801 2 |a RU  |b 63413507  |c 20140318  |g PSBO 
942 |c BK